Dans quel département se trouvent ces petites communes ? - Statistiques

Statistiques générales
  • Ce quiz a été pris 28 fois
  • Le résultat moyen est 77 sur 100
Statistiques - réponses
Communes Habitants Département Indice MH % Correct
Entre 30 et 39 habitants Saint-Sulpice-de-Ruffec 36 Charente | 16 Château de Cognac
89%
Entre 200 et 499 habitants Juigné-des-Moutiers 329 Loire-Atlantique | 44 Château des ducs de Bretagne
89%
Entre 40 et 49 habitants Labastide-du-Haut-Mont 46 Lot | 46 Pont Valentré
89%
Plus de 5000 habitants Saint-Philippe 5074 Réunion | 974 Piton de la Fournaise
89%
Plus de 5000 habitants Coubron 5063 Seine-Saint-Denis | 93 Basilique de Saint-Denis
89%
Entre 100 et 199 habitants Saint-Antonin-sur-Bayon 125 Bouches-du-Rhône | 13 Site des Baux-de-Provence
86%
Entre 10 et 19 habitants Saint-Céols 13 Cher | 18 Palais Jacques-Cœur
86%
Entre 30 et 39 habitants Saint-Cassien 34 Dordogne | 24 Lascaux II et IV
86%
Entre 100 et 199 habitants Trégarvan 119 Finistère | 29 Océanopolis
86%
Entre 500 et 999 habitants Terre-de-Bas 917 Guadeloupe | 971 Volcan de la Soufrière
86%
Entre 1000 et 4999 habitants Marnes-la-Coquette 1745 Hauts-de-Seine | 92 La Malmaison
86%
Entre 50 et 99 habitants Beaulieu 52 Indre | 36 Maison de George Sand
86%
Entre 100 et 199 habitants Crissay-sur-Manse 111 Indre-et-Loire | 37 Château de Chenonceaux
86%
Entre 30 et 39 habitants La Chambonie 38 Loire | 42 Château de Bouthéon
86%
Entre 1000 et 4999 habitants Périgny 2725 Val-de-Marne | 94 Château de Vincennes
86%
Entre 30 et 39 habitants Le Tartre-Gaudran 38 Yvelines | 78 Château de Versailles
86%
Entre 40 et 49 habitants Rapilly 47 Calvados | 14 Cimetière américain de Colleville-sur-Mer
82%
Entre 40 et 49 habitants Lussac 46 Charente-Maritime | 17 Zoo de La Palmyre
82%
Entre 40 et 49 habitants Vieux-Port 48 Eure | 27 Maison de Claude Monet
82%
Entre 1 et 9 habitants Caubous 4 Haute-Garonne | 31 Place du Capitole
82%
Entre 50 et 99 habitants Bléruais 99 Ille-et-Vilaine | 35 Cathédrale Saint-Samson de Dol-de-Bretagne
82%
Entre 30 et 39 habitants Feins-en-Gâtinais 32 Loiret | 45 Basilique Notre-Dame de Cléry-Saint-André
82%
Entre 100 et 199 habitants La Lande-Chasles 120 Maine-et-Loire | 49 Abbaye de Fontevraud
82%
Entre 500 et 999 habitants Grand'Rivière 531 Martinique | 972 Jardin de Balata
82%
Entre 100 et 199 habitants Vieuvy 107 Mayenne | 53 Châteaux de Laval
82%
Entre 50 et 99 habitants Lauthiers 68 Vienne | 86 Futuroscope
82%
Entre 20 et 29 habitants Armix 26 Ain | 01 Monastère royal de Brou
79%
Entre 10 et 19 habitants Tannières 16 Aisne | 02 Cathédrale de Laon
79%
Entre 1 et 9 habitants Majastres 5 Alpes-de-Haute-Provence | 04 Château de Gréoux-les-Bains
79%
Entre 40 et 49 habitants Les Mujouls 40 Alpes-Maritimes | 06 Croisette
79%
Entre 40 et 49 habitants Lavillatte 42 Ardèche | 07 Caverne de Vallon-Pont-d'Arc
79%
Entre 10 et 19 habitants Le Mont-Dieu 12 Ardennes | 08 Château Fort de Sedan
79%
Entre 1 et 9 habitants Senconac 8 Ariège | 09 Château de Foix
79%
Entre 30 et 39 habitants Toy-Viam 36 Corrèze | 19 Château de Ventadour
79%
Entre 10 et 19 habitants Beaunotte / Les Goulles / Menesble / Orret 14 Côte-d'or | 21 Hospices de Beaune
79%
Entre 20 et 29 habitants Beissat 28 Creuse | 23 Thermes romains d'Évaux-les-Bains
79%
Entre 10 et 19 habitants Châteauvieux-les-Fossés 10 Doubs | 25 Citadelle Vauban de Besançon ·
79%
Entre 1 et 9 habitants Rochefourchat 1 Drôme | 26 Palais du facteur Cheval
79%
Entre 20 et 29 habitants Causse-Bégon / Revens 26 Gard | 30 Arènes de Nîmes
79%
Entre 40 et 49 habitants Lartigue 40 Gironde | 33 Collégiale de Saint-Émilion et cloître
79%
Entre 200 et 499 habitants Saint-Élie 241 Guyane | 973 Centre spatial de Kourou
79%
Entre 1 et 9 habitants La Haute-Beaume 8 Hautes-Alpes | 05 Cathédrale Notre-Dame d'Embrun
79%
Entre 50 et 99 habitants Novel 51 Haute-Savoie | 74 Téléphérique de l'aiguille du Midi
79%
Entre 40 et 49 habitants Saint-Gilles-les-Forêts 45 Haute-Vienne | 87 Collégiale Saint-Junien
79%
Entre 10 et 19 habitants Oulles 13 Isère | 38 Théâtre antique de Vienne
79%
Entre 10 et 19 habitants Taillepied 15 Manche | 50 Mont-Saint-Michel
79%
Entre 1 et 9 habitants Rouvroy-Ripont 3 Marne | 51 Cathédrale de Reims
79%
Entre 100 et 199 habitants Hœdic 100 Morbihan | 56 Belle Île en Mer
79%
Entre 10 et 19 habitants Gouy-les-Groseillers 16 Oise | 60 Parc Astérix
79%
Entre 30 et 39 habitants Veauce 38 Allier | 03 Parc d'attraction du Pal
75%
Entre 20 et 29 habitants Ortillon 23 Aube | 10 Nigloland
75%
Entre 1 et 9 habitants Fontanès-de-Sault 5 Aude | 11 Cité de Carcassonne
75%
Entre 30 et 39 habitants Tauriac-de-Camarès 34 Aveyron | 12 Viaduc de Millau
75%
Entre 30 et 39 habitants Blancherupt 31 Bas-Rhin | 67 Château du Haut-Koenigsbourg
75%
Entre 50 et 99 habitants Loc-Envel 72 Côte-d'Armor | 22 Côte de Granit Rose
75%
Entre 50 et 99 habitants Les Groseillers 55 Deux-Sèvres | 79 Église Notre-Dame de Bressuire
75%
Entre 10 et 19 habitants Guinecourt 14 Pas-de-Calais | 62 Nausicaa
75%
Entre 10 et 19 habitants Morainville 15 Eure-et-Loir | 28 Cathédrale de Chartres
75%
Entre 1 et 9 habitants Charmes-en-l'Angle 6 Haute-Marne | 52 La Boisserie
75%
Entre 10 et 19 habitants Ranzevelle 16 Haute-Saône | 70 Chapelle Notre-Dame du Haut à Ronchamp
75%
Entre 30 et 39 habitants Lucelle 32 Haut-Rhin | 68 Petite Venise de Colmar
75%
Entre 1 et 9 habitants Mérona 7 Jura | 39 Cascades du Hérisson
75%
Entre 30 et 39 habitants La Madeleine-Villefrouin 32 Loir-et-Cher | 41 Zoo de Beauval
75%
Entre 30 et 39 habitants Boussès 39 Lot-et-Garonne | 47 Château de Xaintrailles
75%
Entre 30 et 39 habitants Sainte-Eulalie 36 Lozère | 48 Mausolée de Lanuéjols
75%
Plus de 5000 habitants Acoua 5192 Mayotte | 976 Mont Choungui
75%
Entre 1 et 9 habitants Leménil-Mitry 2 Meurthe-et-Moselle | 54 Place Stanislas
75%
Entre 1 et 9 habitants Molring 7 Moselle | 57 Parc d'Amnéville
75%
Entre 40 et 49 habitants Aubous 44 Pyrénées-Atlantiques | 64 Château de Pau
75%
Entre 10 et 19 habitants Le Mesnil-Durdent 16 Seine-Maritime | 76 Falaises d'Étretat
75%
Entre 30 et 39 habitants Montrosier 35 Tarn | 81 Abbaye Saint-Michel de Gaillac
75%
Entre 30 et 39 habitants Charmont 35 Val-d'Oise | 95 Cathédrale Saint-Maclou de Pontoise
75%
Entre 1 et 9 habitants Vérignon 9 Var | 83 Basilique Sainte-Marie-Madeleine de St Maximin
75%
Entre 100 et 199 habitants Marillet 123 Vendée | 85 Puy-du-Fou
75%
Entre 40 et 49 habitants Lamadeleine-Val-des-Anges 48 Belfort | 90 Lion de Belfort
71%
Entre 20 et 29 habitants Valjouze 22 Cantal | 15 Puy Mary
71%
Entre 10 et 19 habitants Erone 12 Haute-Corse | 2B L'ïle Rousse
71%
Entre 20 et 29 habitants Romiguières 21 Hérault | 34 Cathédrale Saint-Étienne d'Agde
71%
Entre 40 et 49 habitants Arx 44 Landes | 40 Église Sainte-Quitterie d'Aire
71%
Entre 1 et 9 habitants Ornes 7 Meuse | 55 Cimetière de Douaumont
71%
Entre 10 et 19 habitants Moissy-Moulinot 13 Nièvre | 58 Châsse de Sainte Bernadette
71%
Entre 20 et 29 habitants Le Ménil-Vicomte 25 Orne | 61 Haras national du Pin
71%
Entre 10 et 19 habitants La Godivelle 16 Puy-de-Dôme | 63 Basilique Notre-Dame-du-Port
71%
Entre 100 et 199 habitants Vernay 110 Rhône | 69 Palais du Miroir
71%
Entre 10 et 19 habitants Chérizet 19 Saône-et-Loire | 71 Temple de Janus d'Autun
71%
Entre 10 et 19 habitants Nauvay 11 Sarthe | 72 Zoo de La Flèche
71%
Entre 30 et 39 habitants Champ-Laurent 31 Savoie | 73 Abbaye de Hautecombe
71%
Entre 20 et 29 habitants Montenils 26 Seine-et-Marne | 77 Disneyland
71%
Entre 30 et 39 habitants Goas 37 Tarn-et-Garonne | 82 Abbaye Saint-Pierre de Moissac
71%
Entre 1 et 9 habitants Maroncourt 6 Vosges | 88 Maison natale de Jeanne d'Arc
71%
Entre 20 et 29 habitants Bois-d'Arcy 22 Yonne | 89 Basilique de Vézelay
71%
Entre 30 et 39 habitants Cardo-Torgia 30 Corse-du-Sud | 2A Stantara d'Apricciani
68%
Entre 50 et 99 habitants Chatignonville 71 Essonne | 91 Château de Montlhéry
68%
Entre 30 et 39 habitants Roquepine 30 Gers | 32 Donjon du château de Bassoues
68%
Entre 10 et 19 habitants Ardengost 12 Hautes-Pyrénées | 65 Sanctuaire de Lourdes
68%
Entre 40 et 49 habitants Dehéries 40 Nord | 59 Hospice Comtesse
68%
Entre 10 et 19 habitants Caudiès-de-Conflent 18 Pyrénées-Orientales | 66 Pont du Diable
68%
Entre 20 et 29 habitants Saint-Léger-du-Ventoux 29 Vaucluse | 84 Palais des papes
68%
Entre 20 et 29 habitants Le Vernet 22 Haute-Loire | 43 Église Saint-Michel d'Aiguilhe
64%
Entre 1 et 9 habitants Épécamps 6 Somme | 80 Abbatiale de Saint-Riquier
64%
Aucun quiz correspondant
Distribution des résultats
% des personnes avec chaque résultat
Percentile par nombre de réponses
Votre historique - résultats
Vous n’avez pas pris ce quiz